| 000 | 00451nam a2200169 4500 | ||
|---|---|---|---|
| 003 | SEACOMMC | ||
| 005 | 20250416142506.0 | ||
| 008 | 240918b |||||||| |||| 00| 0 eng d | ||
| 020 |
_a 81-87328-64-9 _cRs.250.00 |
||
| 040 | _aSEACOMMC | ||
| 082 |
_a005.133 _bR363 |
||
| 100 | _aGanesan, P. Radha | ||
| 245 | 1 |
_aProgramming with C++ _cP. Radha Ganesan |
|
| 260 |
_a Chennai _bScitech Publications _cC2002 |
||
| 650 | _a Computer Science | ||
| 942 | _cBOOK | ||
| 999 |
_c568 _d568 |
||